[Event "Shanghai COITCT 2019"]
[Site "Shanghai"]
[Date "2019.09.18"]
[Round "9.13"]
[White "Orozbaev, Eldiar"]
[Black "Kovalev, Vladislav"]
[Result "1/2-1/2"]
[WhiteElo "1908"]
[BlackElo "2661"]
[Annotator "TA"]
[PlyCount "95"]
[EventDate "2019.09.15"]
[EventType "team-tourn"]
[EventCountry "CHN"]
[SourceTitle "playchess.com"]
[Source "ChessBase"]
[SourceQuality "1"]

{[%evp 9,95,15,27,20,21,13,18,0,16,-4,25,0,11,13,15,16,14,0,0,0,8,8,0,15,3,-13,-11,-24,-19,-18,-3,-18,-15,-14,-12,-16,-15,-9,-13,-33,-44,-43,0,-20,-2,-16,0,-27,0,0,23,35,18,6,11,0,0,0,0,0,0,0,0,0,0,0,0,0,0,0,0,0,0,0,0,0,0,0,8,0,0,0,0,0,0,0,0,0]} 1. e4 e5 2. Nf3 Nc6 3. Bc4 Nf6 4. d3 Bc5 5. Nc3 a6 6. Nd5 {C50: Hungarian Defence and Giuoco Pianissimo} h6 7. Be3 (7. c3 d6 8. h3 Ba7 9. a4 Be6 10. a5 Bxd5 11. exd5 Ne7 12. d4 exd4 13. Nxd4 O-O {0-1 (57) Kramnik,V (2777)-Anand,V (2773) Wijk aan Zee 2019}) 7... d6 8. c3 O-O $146 ({Predecessor:} 8... Bxe3 9. fxe3 Nxd5 10. Bxd5 Ne7 11. Bb3 O-O 12. O-O Ng6 13. Qe1 Kh7 {0-1 (61) Nikitenko,M (2193)-Kovalev,V (2668) Minsk 2015}) 9. O-O Ba7 10. Qd2 Nxd5 11. Bxd5 Ne7 12. Bb3 Ng6 13. d4 Qf6 14. dxe5 dxe5 15. Bxa7 Rxa7 16. Qe3 Ra8 17. Ne1 a5 18. Nd3 a4 19. Bc2 a3 20. bxa3 Rxa3 21. Qc5 Qd6 22. Qxd6 cxd6 23. Bb3 Be6 24. Rab1 Rc8 25. Rfc1 Rc7 26. g3 Ne7 27. Nb4 Kf8 28. c4 Rc5 29. Nd3 Rc8 30. c5 Bxb3 31. axb3 {The position is equal.} dxc5 32. Nxc5 Ke8 33. Nxb7 {[#] Hoping for Nd6+.} Rxc1+ 34. Rxc1 Rxb3 $11 {[%mdl 4096] Endgame KRN-KRN} 35. Nd6+ Kf8 36. Ra1 {Black must now prevent Ra8+.} Rb8 37. Ra7 Rd8 {[#] ...Nc6 is the strong threat.} 38. Nb7 Rc8 39. Nd6 Rd8 {And now ...Nc6 would win.} 40. Nc4 f6 41. Ne3 Rd4 42. f3 Rd3 43. Kf2 Ke8 44. Nc4 Rd4 45. Ne3 {Black should prevent Rxe7+!} Rd2+ 46. Kg1 Rd3 47. Kf2 Rd2+ 48. Kg1 {Accuracy: White = 34%, Black = 59%.} 1/2-1/2

[Event "Shanghai COITCT 2019"]
[Site "Shanghai"]
[Date "2019.09.18"]
[Round "9.14"]
[White "Zhigalko, Sergei"]
[Black "Zairbek kyzy, Begimai"]
[Result "1-0"]
[WhiteElo "2574"]
[BlackElo "1989"]
[Annotator "RC"]
[PlyCount "47"]
[EventDate "2019.09.15"]
[EventType "team-tourn"]
[EventCountry "CHN"]
[SourceTitle "playchess.com"]
[Source "ChessBase"]
[SourceQuality "1"]
[TimeControl "1500+10"]

1. e4 {[%emt 0:00:00]} c6 {[%emt 0:00:00]} 2. d4 {[%emt 0:00:00]} d5 {[%emt 0:00:00]} 3. e5 {[%emt 0:00:00]} Bf5 {[%emt 0:00:00]} 4. Nf3 {[%emt 0:00:00]} e6 {[%emt 0:00:00]} 5. Be2 {[%emt 0:00:00]} c5 {[%emt 0:00:00]} 6. Be3 {[%emt 0:00:01]} Qb6 {[%emt 0:00:49]} 7. Nc3 {[%emt 0:00:23]} Nc6 {[%emt 0:02:24]} 8. dxc5 {[%emt 0:00:06]} Qxb2 {[%emt 0:01:32]} 9. Nb5 {[%emt 0:00:09]} O-O-O {[%emt 0:00:12]} 10. O-O {[%emt 0:08:24]} Qxc2 {[%emt 0:00:12]} 11. Qe1 {[%emt 0:00:25]} Qa4 {[%emt 0:08:57]} 12. Nfd4 {[%emt 0:03:12]} Bg6 {[%emt 0:03:00]} 13. Qc3 {[%emt 0:02:09]} Kd7 {[%emt 0:01:58]} 14. Nd6 {[%emt 0:00:44]} Qa5 {[%emt 0:02:54]} 15. Qb2 {[%emt 0:01:52]} Bxd6 {[%emt 0:01:09]} 16. cxd6 {[%emt 0:00:15]} Qb4 {[%emt 0:00:27]} 17. Qxb4 {[%emt 0:00:40]} Nxb4 {[%emt 0:00:01]} 18. Rab1 {[%emt 0:00:03]} Bxb1 {[%emt 0:00:38]} 19. Rxb1 {[%emt 0:00:02]} a5 {[%emt 0:01:12]} 20. a3 {[%emt 0:00:04]} Nh6 {[%emt 0:01:56]} 21. axb4 {[%emt 0:00:03]} axb4 {[%emt 0:00:01]} 22. Rc1 {[%emt 0:01:14]} Ra8 {[%emt 0:01:01]} 23. Bb5+ {[%emt 0:00:12]} Kd8 {[%emt 0:00:03]} 24. Bg5+ {[%emt 0:00:02] Ng8} 1-0